| 000 | 00604nam a2200229Ia 4500 | ||
|---|---|---|---|
| 003 | OSt | ||
| 005 | 20221005124250.0 | ||
| 006 | a|||||r|||| 00| 0 | ||
| 007 | ta | ||
| 008 | 221004b |||||||| |||| 00| 0 eng d | ||
| 024 | _a67535 | ||
| 037 | _cTextual | ||
| 040 |
_aCRL _cCRL _beng |
||
| 041 |
_2eng _aeng |
||
| 082 | _aV671:5:B, J5 | ||
| 100 |
_aWinlock H.E. _9634946 |
||
| 245 | 0 | _aModels of daily life in ancient Egypt from the Tomb of Meket-Re at Thebes | |
| 260 | _c1955 | ||
| 650 | _aHISTORY | ||
| 942 |
_hV671:5:B, J5 _cTEXL _2cc |
||
| 999 |
_c1049935 _d1049935 |
||